000 00748ngm a22003010a 4500
001 PT50731
003 AR-LpoUNG
005 20210201232350.0
007 co ||u|||uuuuu
008 191001s2012||||xxk|||||||||||||||||eng d
020 _a9780007457830
_c$8,50
040 _aAR-LpoUNG
_bspa
_cAR-LpoUNG
_eaacr
041 _aeng
044 _axxk
082 0 _a428 393spe
100 1 _aPelteret, Cheryl
245 1 0 _aSpeaking :
_bB1 + Intermediate
250 _a1ra. ed.
260 _aLondon :
_bCollins,
_c2012.
650 4 _aAPRENDIZAJE
650 4 _aENSEƑANZA DE IDIOMAS
650 4 _aGRAMATICA
650 4 _aLENGUA INGLESA
651 4 _aDOCUMENTOS TEORICOS O METODOLOGICOS
653 _aINGLES
905 _a50731
942 _cCDDVD
999 _c53488
_d53488